| 000 | 00620nam a22001817a 4500 | ||
|---|---|---|---|
| 008 | 160526b xxu||||| |||| 00| 0 eng d | ||
| 020 | _a0-07-822831-X | ||
| 082 |
_22003 _aDC 651.74 _bM68m |
||
| 100 |
_99209 _aMitchell, Carol A. |
||
| 245 |
_aMachine transcription: _ba comprehensive approach for today's office professional complete course/ _cCarol A. Mitchell. |
||
| 250 | _aFourth edition. | ||
| 260 |
_aNew York: _bMcGraw-Hill, _cc2003. |
||
| 300 |
_axiv, 305 pages; _c28 cm. |
||
| 650 | 0 |
_99212 _aDictation (Office practice). |
|
| 650 | 0 |
_99214 _aTranscription. |
|
| 650 | 0 |
_99216 _aOffice practice. |
|
| 942 |
_2ddc _cDC |
||
| 999 |
_c2781 _d2781 |
||